000 00999cam a2200301 a 4500
001 4803101
003 ARRUPE
005 20161017105933.0
008 881205s1989 pau b 001 0 eng
010 _a 88033492
020 _a0820702080
040 _aDLC
_cDLC
_dDLC
043 _an-us---
050 0 0 _aLC493.J47 1989
082 0 0 _a377.82/73
_219
100 _aRolando E. Bonachea
_926765
245 0 0 _aJesuit higher education :
_bessays on an American tradition of excellence /
_cedited by Rolando E. Bonachea.
260 _aPittsburgh, Pa. :
_bDuquesne University Press,
_cc1989.
300 _avii, 192 p.;
_c24 cm.
500 _aIncludes index.
504 _aBibliography: p. 176-188.
610 2 0 _aJesuits
_xEducation
_zUnited States.
_926766
650 0 _aCatholic universities and colleges
_zUnited States.
_913020
700 1 _aBonachea, Rolando E.
_926767
906 _a7
_bcbc
_corignew
_d1
_eocip
_f19
_gy-gencatlg
942 _2lcc
_cMONOGRAPH
999 _c125518
_d125518